| 000 | 01798nam0a2200325 4500 | ||
|---|---|---|---|
| 001 | RU\NLR\bibl\546750 | ||
| 005 | 20260406053806.0 | ||
| 010 |
_a5-85907-276-7(6) _915000 |
||
| 021 |
_aRU _b2004-39819 _91981 |
||
| 035 | _a(NLR Aleph) 000538951 | ||
| 090 |
_a1400615 _c1400615 |
||
| 100 | _a20040824d2004 |||y0rusy50 ca | ||
| 101 | 0 | _arus | |
| 102 | _aRU | ||
| 105 | _aa ||||||||| | ||
| 200 | 1 |
_aАвтомобили семейства ВАЗ-2107 _eРук. по техн. обслуживанию и ремонту _eМодели ВАЗ-2107, -21072, -21073-40, -21074 _eС рекомендациями журн. "За рулем" _f[К.Б. Пятков и др.] |
|
| 205 | _a2-е изд., испр. и доп. | ||
| 210 |
_aМ. _cЗа рулем _d2004 |
||
| 215 |
_a256 с. _cил., цв. ил. _d29 |
||
| 606 | 0 |
_aАвтомобили ВАЗ "Жигули" _jРуководства, пособия и т.п. _xРемонт _91047842 _3RU\NLR\auth\6686503 |
|
| 606 | 0 |
_a"Жигули", легковые автомобили _jРуководства, пособия и т.п. _xРемонт _92083200 _3RU\NLR\auth\661259250 |
|
| 606 | 0 |
_aАвтомобили ВАЗ "Жигули" _jРуководства, пособия и т.п. _xТехническое обслуживание _92065767 _3RU\NLR\auth\661240303 |
|
| 606 | 0 |
_a"Жигули", легковые автомобили _jРуководства, пособия и т.п. _xТехническое обслуживание _92121661 _3RU\NLR\auth\661281086 |
|
| 686 | _aО335.52-08я7"Жигули" | ||
| 702 | 1 |
_4220 _8rus _7ca _aПятков _bК. Б. _gКонстантин Борисович _3RU\NLR\auth\778471 _9118376 |
|
| 801 | 0 |
_aRU _bNLR _c20040824 _gPSBO |
|
| 801 | 1 |
_aRU _bNLR _c20040824 |
|
| 942 | _cBOOK | ||
| 980 | _aNB | ||